<?xml version="1.0" encoding="UTF-8"?>
<record
    xmlns:xsi="http://www.w3.org/2001/XMLSchema-instance"
    xsi:schemaLocation="http://www.loc.gov/MARC21/slim http://www.loc.gov/standards/marcxml/schema/MARC21slim.xsd"
    xmlns="http://www.loc.gov/MARC21/slim">

  <leader>00779nas a22002173i 4500</leader>
  <controlfield tag="001">80636</controlfield>
  <controlfield tag="003">BD-RjUL</controlfield>
  <controlfield tag="005">20221027093952.0</controlfield>
  <controlfield tag="008">221027u1978uuuupk mr p       0    0urd d</controlfield>
  <datafield tag="035" ind1=" " ind2=" ">
    <subfield code="a">(BD-RjUL)80636</subfield>
  </datafield>
  <datafield tag="040" ind1=" " ind2=" ">
    <subfield code="a">UkOxU</subfield>
    <subfield code="b">eng</subfield>
    <subfield code="e">rda</subfield>
    <subfield code="c">UkOxU</subfield>
  </datafield>
  <datafield tag="041" ind1=" " ind2=" ">
    <subfield code="a">urd</subfield>
  </datafield>
  <datafield tag="082" ind1=" " ind2=" ">
    <subfield code="2">23</subfield>
    <subfield code="a">297.18</subfield>
    <subfield code="b">MUS 1978</subfield>
  </datafield>
  <datafield tag="100" ind1=" " ind2=" ">
    <subfield code="a">Mull&#x101; Vajh&#x12B;  # # &#x645;&#x644;&#x651;&#x627; &#x648;&#x62C;&#x647;&#x649;</subfield>
    <subfield code="9">5519</subfield>
  </datafield>
  <datafield tag="245" ind1="0" ind2="0">
    <subfield code="a"> &#x633;&#x628; &#x631;&#x633; : &#x649;&#x639;&#x646;&#x649; &#x642;&#x635;&#x6C2; &#x62D;&#x633;&#x646; &#x648; &#x62F;&#x644; / Sab ras : ya&#x2BB;n&#x12B; qi&#x1E63;&#x1E63;ah-yi &#x1E25;usn o dil</subfield>
    <subfield code="c">&#x62A;&#x635;&#x646;&#x641; &#x645;&#x644;&#x651;&#x627; &#x648;&#x62C;&#x647;&#x649; ## .ta&#x1E63;annif Mull&#x101; Vajh&#x12B;</subfield>
  </datafield>
  <datafield tag="264" ind1=" " ind2="1">
    <subfield code="a">Lahore, P&#x101;kist&#x101;n :</subfield>
    <subfield code="b">Ashrat Pab.,,</subfield>
    <subfield code="c">[1978]-</subfield>
  </datafield>
  <datafield tag="300" ind1=" " ind2=" ">
    <subfield code="a">239 p. ; ;</subfield>
    <subfield code="c">23 cm</subfield>
  </datafield>
  <datafield tag="588" ind1=" " ind2=" ">
    <subfield code="a">Description based on: Jild 5 shum&#x101;rah 4,5 (M&#x101;rc - Apr&#x12B;l 1982)</subfield>
  </datafield>
  <datafield tag="650" ind1=" " ind2=" ">
    <subfield code="a">[Urdu Literature]</subfield>
    <subfield code="v">Story</subfield>
    <subfield code="x">Islam</subfield>
    <subfield code="9">5520</subfield>
  </datafield>
  <datafield tag="942" ind1=" " ind2=" ">
    <subfield code="2">ddc</subfield>
    <subfield code="c">BK</subfield>
  </datafield>
  <datafield tag="999" ind1=" " ind2=" ">
    <subfield code="c">80636</subfield>
    <subfield code="d">80636</subfield>
  </datafield>
  <datafield tag="952" ind1=" " ind2=" ">
    <subfield code="0">0</subfield>
    <subfield code="1">0</subfield>
    <subfield code="2">ddc</subfield>
    <subfield code="4">0</subfield>
    <subfield code="7">1</subfield>
    <subfield code="8">NFIC</subfield>
    <subfield code="a">RUCL</subfield>
    <subfield code="b">RUCL</subfield>
    <subfield code="c">Reading</subfield>
    <subfield code="d">2022-10-27</subfield>
    <subfield code="l">0</subfield>
    <subfield code="o">U 297.18 MUS 1978</subfield>
    <subfield code="r">2022-10-27 00:00:00</subfield>
    <subfield code="t">C-1</subfield>
    <subfield code="w">2022-10-27</subfield>
    <subfield code="y">BK</subfield>
  </datafield>
  <datafield tag="952" ind1=" " ind2=" ">
    <subfield code="0">0</subfield>
    <subfield code="1">0</subfield>
    <subfield code="2">ddc</subfield>
    <subfield code="4">0</subfield>
    <subfield code="7">0</subfield>
    <subfield code="8">NFIC</subfield>
    <subfield code="a">RUCL</subfield>
    <subfield code="b">RUCL</subfield>
    <subfield code="c">GEN</subfield>
    <subfield code="d">2025-09-03</subfield>
    <subfield code="l">0</subfield>
    <subfield code="o">U 297.18 MUS 1978</subfield>
    <subfield code="r">2025-09-03 00:00:00</subfield>
    <subfield code="t">C-2</subfield>
    <subfield code="w">2025-09-03</subfield>
    <subfield code="y">BK</subfield>
  </datafield>
  <datafield tag="952" ind1=" " ind2=" ">
    <subfield code="0">0</subfield>
    <subfield code="1">0</subfield>
    <subfield code="2">ddc</subfield>
    <subfield code="4">0</subfield>
    <subfield code="7">0</subfield>
    <subfield code="8">NFIC</subfield>
    <subfield code="a">RUCL</subfield>
    <subfield code="b">RUCL</subfield>
    <subfield code="c">GEN</subfield>
    <subfield code="d">2025-10-07</subfield>
    <subfield code="l">0</subfield>
    <subfield code="o">297.18 MUS 1978</subfield>
    <subfield code="r">2025-10-07 00:00:00</subfield>
    <subfield code="t">C-3</subfield>
    <subfield code="w">2025-10-07</subfield>
    <subfield code="y">BK</subfield>
  </datafield>
</record>
